<?xml version="1.0" encoding="UTF-8"?>
<record
    xmlns:xsi="http://www.w3.org/2001/XMLSchema-instance"
    xsi:schemaLocation="http://www.loc.gov/MARC21/slim http://www.loc.gov/standards/marcxml/schema/MARC21slim.xsd"
    xmlns="http://www.loc.gov/MARC21/slim">

  <leader>01078nam a22002417a 4500</leader>
  <controlfield tag="005">20170923020002.0</controlfield>
  <controlfield tag="008">130220s2011    ck ab  gr     00010 spa d</controlfield>
  <datafield tag="041" ind1="0" ind2=" ">
    <subfield code="a">spa</subfield>
  </datafield>
  <datafield tag="044" ind1=" " ind2=" ">
    <subfield code="a">ck</subfield>
  </datafield>
  <datafield tag="082" ind1="0" ind2="4">
    <subfield code="a">639.27</subfield>
    <subfield code="b">L17c2</subfield>
  </datafield>
  <datafield tag="100" ind1="1" ind2=" ">
    <subfield code="a">Lasso, Carlos A.</subfield>
    <subfield code="9">242</subfield>
  </datafield>
  <datafield tag="245" ind1="1" ind2="0">
    <subfield code="a">Cat&#xE1;logo de los recursos pesqueros continentales de Colombia : </subfield>
    <subfield code="b">memoria t&#xE9;cnica y explicativa, resumen ejecutivo / </subfield>
    <subfield code="c">Carlos A. Lasso, M&#xF3;nica A. Morales-Betancourt.</subfield>
  </datafield>
  <datafield tag="260" ind1=" " ind2=" ">
    <subfield code="a">Bogot&#xE1; : </subfield>
    <subfield code="b">Ministerio de Ambiente, Vivienda y Desarrollo Territorial : </subfield>
    <subfield code="b">Instituto de Investigaci&#xF3;n de Recursos Biol&#xF3;gicos Alexander von Humboldt,</subfield>
    <subfield code="c">2011.</subfield>
  </datafield>
  <datafield tag="300" ind1=" " ind2=" ">
    <subfield code="a">117 p. : </subfield>
    <subfield code="b">il. ; </subfield>
    <subfield code="c">24 cm.</subfield>
  </datafield>
  <datafield tag="490" ind1="0" ind2=" ">
    <subfield code="a">Serie recursos hidrobiol&#xF3;gicos y pesqueros continentales de Colombia</subfield>
  </datafield>
  <datafield tag="504" ind1=" " ind2=" ">
    <subfield code="a">Incluye bibliograf&#xED;a.</subfield>
  </datafield>
  <datafield tag="650" ind1=" " ind2="4">
    <subfield code="a">Recursos pesqueros</subfield>
    <subfield code="z"> Colombia</subfield>
    <subfield code="v">Memorias</subfield>
    <subfield code="9">25068</subfield>
  </datafield>
  <datafield tag="650" ind1=" " ind2="4">
    <subfield code="a">Recursos acu&#xE1;ticos</subfield>
    <subfield code="z"> Colombia</subfield>
    <subfield code="v">Memorias</subfield>
    <subfield code="9">25069</subfield>
  </datafield>
  <datafield tag="650" ind1=" " ind2="4">
    <subfield code="a">Pesca exploratoria</subfield>
    <subfield code="x"> Investigaciones</subfield>
    <subfield code="z"> Colombia.</subfield>
    <subfield code="9">25070</subfield>
  </datafield>
  <datafield tag="700" ind1="1" ind2=" ">
    <subfield code="a">Morales-Betancourt, M&#xF3;nica A.</subfield>
    <subfield code="9">246</subfield>
  </datafield>
  <datafield tag="942" ind1=" " ind2=" ">
    <subfield code="2">ddc</subfield>
    <subfield code="c">LIBRO</subfield>
    <subfield code="0">4</subfield>
  </datafield>
  <datafield tag="949" ind1=" " ind2=" ">
    <subfield code="a">              </subfield>
  </datafield>
  <datafield tag="999" ind1=" " ind2=" ">
    <subfield code="c">8562</subfield>
    <subfield code="d">8562</subfield>
  </datafield>
  <datafield tag="952" ind1=" " ind2=" ">
    <subfield code="0">0</subfield>
    <subfield code="1">0</subfield>
    <subfield code="2">ddc</subfield>
    <subfield code="4">0</subfield>
    <subfield code="7">0</subfield>
    <subfield code="8">HUMBOLDT</subfield>
    <subfield code="I">INV2017</subfield>
    <subfield code="a">Bogota</subfield>
    <subfield code="b">Bogota</subfield>
    <subfield code="d">2014-07-23</subfield>
    <subfield code="e">Instituto</subfield>
    <subfield code="g">45000.00</subfield>
    <subfield code="l">0</subfield>
    <subfield code="o">IAVH-639.27 L17c2</subfield>
    <subfield code="p">028570</subfield>
    <subfield code="r">2014-07-23 00:00:00</subfield>
    <subfield code="t">E. 1</subfield>
    <subfield code="w">2014-07-23</subfield>
    <subfield code="x">Institucional</subfield>
    <subfield code="y">LIBRO</subfield>
  </datafield>
  <datafield tag="952" ind1=" " ind2=" ">
    <subfield code="0">0</subfield>
    <subfield code="1">0</subfield>
    <subfield code="2">ddc</subfield>
    <subfield code="4">0</subfield>
    <subfield code="7">0</subfield>
    <subfield code="8">HUMBOLDT</subfield>
    <subfield code="I">INV2017</subfield>
    <subfield code="a">Bogota</subfield>
    <subfield code="b">Bogota</subfield>
    <subfield code="d">2014-07-23</subfield>
    <subfield code="e">Instituto</subfield>
    <subfield code="g">45000.00</subfield>
    <subfield code="l">0</subfield>
    <subfield code="o">IAVH-639.27 L17c2</subfield>
    <subfield code="p">028571</subfield>
    <subfield code="r">2014-07-23 00:00:00</subfield>
    <subfield code="t">Ej. 2</subfield>
    <subfield code="w">2014-07-23</subfield>
    <subfield code="x">Institucional</subfield>
    <subfield code="y">LIBRO</subfield>
  </datafield>
  <datafield tag="952" ind1=" " ind2=" ">
    <subfield code="0">0</subfield>
    <subfield code="1">0</subfield>
    <subfield code="2">ddc</subfield>
    <subfield code="4">0</subfield>
    <subfield code="7">0</subfield>
    <subfield code="8">HUMBOLDT</subfield>
    <subfield code="I">INV2017</subfield>
    <subfield code="a">Venado</subfield>
    <subfield code="b">Venado</subfield>
    <subfield code="d">2014-07-23</subfield>
    <subfield code="e">Instituto</subfield>
    <subfield code="g">45000.00</subfield>
    <subfield code="l">1</subfield>
    <subfield code="o">IAVH-639.27 L17c2</subfield>
    <subfield code="p">038182</subfield>
    <subfield code="r">2017-09-22 00:00:00</subfield>
    <subfield code="s">2017-09-22</subfield>
    <subfield code="t">Ej. 3</subfield>
    <subfield code="w">2014-07-23</subfield>
    <subfield code="x">Institucional</subfield>
    <subfield code="y">LIBRO</subfield>
  </datafield>
</record>
